| 000 | 01007cam a2200217 4500 | ||
|---|---|---|---|
| 001 | WB@3612-508 | ||
| 008 | 041110n2004 000 0 eng u | ||
| 035 | _a(Sirsi) u127939 | ||
| 245 | _aBridget Jones buys a house | ||
| 260 | _ac2004 | ||
| 490 |
_aHalifax Press Release _v3 November 2004 (3) |
||
| 520 | _aRecent research from the Halifax has shown that young women are increasingly choosing to buy their first home alone. With 51% of Britain's population now women the proportion of mortgages taken out by single women has more than doubled from 9.8% in 1983 to 23.1% in 2003. Women, as well as living longer than men, also leave home earlier than their male peers - 56% of men and only 37% of women in England aged 20-24 live at home with their parents. http://www.hbosplc.com/economy/ResearchReleases.as p | ||
| 590 | _aWB | ||
| 590 | _aWB | ||
| 650 | _aWOMEN | ||
| 650 | _aHOUSE BUYING | ||
| 650 | _aMORTGAGES | ||
| 650 | _aFIRST-TIME BUYERS | ||
| 690 | _aHOUSING-MARKET | ||
| 942 | _n0 | ||
| 999 |
_c118291 _d118291 |
||